Normal view
MARC view
Entry Personal Name
001 - CONTROL NUMBER
- control field: 18658
003 - CONTROL NUMBER IDENTIFIER
- control field: OSt
005 - DATE AND TIME OF LATEST TRANSACTION
- control field: 20201016110020.0
008 - FIXED-LENGTH DATA ELEMENTS
- fixed length control field: 201016|| aca||aabn | a|a d
040 ## - CATALOGING SOURCE
- Original cataloging agency: OSt
- Transcribing agency: OSt
100 ## - HEADING--PERSONAL NAME
- Personal name: Ambrus, Attila, Field, Erica and Gonzalez Robert
670 ## - SOURCE DATA FOUND
- Source citation: Work cat.: (OSt)514214: Ambrus, Attila, Field, Erica and Gonzalez Robert , Loss in the time of cholera: long-run impact of a disease epidemic on the urban landscape
